000 00540nam a2200217Ia 4500
003 OSt
005 20220928144055.0
006 a|||||r|||| 00| 0
007 ta
008 220927b |||||||| |||| 00| 0 eng d
024 _a24070
037 _cTextual
040 _aSDCL
_cSDCL
_beng
041 _2eng
_aeng
082 _aQ11:g, 111K6
100 _aSukthankar V S
_9506747
245 0 _aGhate's lectures on Rigveda.
260 _c1966
942 _hQ11:g, 111K6
_cTEXL
_2CC
999 _c825995
_d825995